Enseignement et démocratie : leçons professées à l'École des Hautes Études Sociales / (Record no. 178978)

MARC details
000 -LEADER
campo de control de longitud fija 01308nam a2200229 i 4500
001 - NÚMERO DE CONTROL
campo de control 178978
003 - IDENTIFICADOR DE NÚMERO DE CONTROL
campo de control ES-MaACL
005 - FECHA Y HORA DE LA ÚLTIMA TRANSACCIÓN
campo de control 20250701220541.0
008 - DATOS DE LONGITUD FIJA--INFORMACIÓN GENERAL
campo de control de longitud fija 110817s1905 fr |||| | fre d
245 00 - MENCIÓN DEL TÍTULO
Título Enseignement et démocratie : leçons professées à l'École des Hautes Études Sociales /
Mención de responsabilidad, etc. par MM. Alfred Croiset, E. Devinat, J. Boitel... [et al.].
260 ## - PUBLICACIÓN, DISTRIBUCIÓN, ETC.
Lugar de publicación, distribución, etc. Paris :
Nombre del editor, distribuidor, etc. Félix Alcan,
Fecha de publicación, distribución, etc. 1905.
300 ## - DESCRIPCIÓN FÍSICA
Extensión II, 343 p. ;
Dimensiones 22 cm.
490 1# - MENCIÓN DE SERIE
Mención de serie Bibliothèque générale des sciences sociales ;
Designación de volumen o secuencia 25
505 8# - NOTA DE CONTENIDO CON FORMATO
Nota de contenido con formato Contiene: Avant-propos. - Les divers types d'enseignement et leurs rapports, par A. Croiset. - Lécole primaire française, par E. Devinat. - Lenseignement primaire supérieur, par J. Boitel. - L'enseignement technique ou professionel, par A. Millerand. - L'enseignement secondaire, par G. Lanson. - L'enseignement supérieur des sciences, par P. Appell. - L'enseignement supérieur, par C. Seignobos. - Léducation aux États-Unis, par C.-V. Langlois. - Conclusion, par A. Criset
650 #4 - PUNTO DE ACCESO ADICIONAL DE MATERIA--TÉRMINO DE MATERIA
Término de materia o nombre geográfico como elemento de entrada Educación-
Subdivisión geográfica Francia.
9 (RLIN) 147613
700 0# - ENTRADA AGREGADA--NOMBRE PERSONAL
Nombre de persona Croiset, Alfred.
9 (RLIN) 41668
700 1# - ENTRADA AGREGADA--NOMBRE PERSONAL
Nombre de persona Devinat, E.
9 (RLIN) 147619
700 1# - ENTRADA AGREGADA--NOMBRE PERSONAL
Nombre de persona Boitel, J.
9 (RLIN) 147620
830 00 - PUNTO DE ACCESO ADICIONAL DE SERIE-TÍTULO UNIFORME
Título uniforme Bibliothèque générale des sciences sociales
Designación de volumen o secuencia 25
9 (RLIN) 187778
852 ## - LOCALIZACIÓN
Ubicación ES-MaACL
Número de control de estantería C-23105
Holdings
Estatus retirado Estado de pérdida Estado de daño No para préstamo Biblioteca de origen Biblioteca actual Ubicación en estantería Fecha de adquisición Fuente de adquisición Total de préstamos Signatura topográfica completa Código de barras Visto por última vez Precio de reemplazo Tipo de ítem Koha
        Biblioteca del Ateneo de Madrid Biblioteca del Ateneo de Madrid Depósito 2 17/08/2011     C-23105 1188005 23/02/2023 23/02/2023 Libro impreso